Serbian cities - Sudden Death - Statistics

General Stats
  • This quiz has been taken 147 times
  • The average score is 8 of 10
Answers on the Grid
Answers color-coded by a green-red scale on the quiz's grid according to % correct below.
Belgrade
Niš
Novi Sad
Banja Luka
Bled
Subotica
Zara
Bar
Jagodina
Novi Pazar
Nikšić
Mostar
Rijeka
Sremska Mitrovica
Leskovac
Maribor
Ohrid
Vranje
Dubrovnik
Kruševac
 
Answer Stats
Answer % Correct
Belgrade
90%
Niš
87%
Novi Sad
85%
Subotica
81%
Kruševac
77%
Leskovac
77%
Novi Pazar
76%
Jagodina
72%
Vranje
72%
Sremska Mitrovica
71%
No matching quizzes found
Score Distribution
Percent of People with Each Score
Percentile by Number Answered
Your Score History
You have not taken this quiz